| 000 | 00421nam a2200169Ia 4500 | ||
|---|---|---|---|
| 003 | GCL | ||
| 008 | 140319s9999 xx 000 0 eng d | ||
| 040 |
_aGCL / _cGCL |
||
| 082 | 0 | 4 |
_a947.085 _bEV |
| 100 | 1 | _aD'ENCAUSSE, HELEN CARRERE | |
| 245 | 1 | 0 |
_aVICTORIEUSE RUSSIE / _cD'ENCAUSSE, HELEN CARRERE |
| 260 |
_a[S.N] : _bFAYARD ، _c1992 |
||
| 300 | _a381 | ||
| 650 | 0 | 4 | _aHISTORY |
| 650 | 0 | 4 | _aRUSSIA |
| 942 |
_2ddc _cBK |
||
| 999 |
_c25312 _d25312 |
||